Je slovenská podniková sféra v priemysle pripravená na vstup do Európskej únie?
Vstup slovenskej podnikovej sféry na spoločný trh EÚ. Adaptácia na spoločný trh EÚ je permanentným procesom. Potreba vytvárania priaznivejšieho prostredia pre podnikanie - zvýšenie konkurencie, kontrola podpory trhu, priame a nepriame dane, štandardizácia kvality, atď. Orientácia jednotlivých priemy...
Guardado en:
| Autor principal: | |
|---|---|
| Otros Autores: | |
| Formato: | Capítulo de libro |
| Lenguaje: | eslovaco inglés |
| Materias: | |
| Etiquetas: |
Sin Etiquetas, Sea el primero en etiquetar este registro!
|
MARC
| LEADER | 00000naa a2200000 4500 | ||
|---|---|---|---|
| 001 | r048842 | ||
| 005 | 20231002075340.8 | ||
| 041 | 0 | |a slo | |
| 041 | 0 | |a eng | |
| 044 | |a SK | ||
| 245 | 1 | 0 | |a Je slovenská podniková sféra v priemysle pripravená na vstup do Európskej únie? |c Jana Sršňová, Miroslav Majtán |
| 520 | |a Vstup slovenskej podnikovej sféry na spoločný trh EÚ. Adaptácia na spoločný trh EÚ je permanentným procesom. Potreba vytvárania priaznivejšieho prostredia pre podnikanie - zvýšenie konkurencie, kontrola podpory trhu, priame a nepriame dane, štandardizácia kvality, atď. Orientácia jednotlivých priemyselných odvetví na EÚ. | ||
| 610 | 2 | 0 | |a integrácia ekonomická medzinárodná |
| 610 | 2 | 0 | |a Slovensko |
| 610 | 2 | 0 | |a Európska únia |
| 610 | 2 | 0 | |a priemysel |
| 610 | 2 | 0 | |a podnik priemyselný |
| 610 | 2 | 0 | |a trh spoločný |
| 610 | 2 | 0 | |a konkurencia |
| 610 | 2 | 0 | |a dane |
| 610 | 2 | 0 | |a kvalita |
| 100 | 1 | |a Sršňová, Jana | |
| 700 | 1 | |a Majtán, Miroslav | |